| 000 | 01297nam a2200241 a 4500 | ||
|---|---|---|---|
| 001 | 000017860 | ||
| 005 | 20250401135254.0 | ||
| 008 | 100406s2004 dr c 000 0 spa d | ||
| 020 | _a9993404500 | ||
| 040 |
_aDO-SdBNP _bspa _cBNPHU |
||
| 082 |
_a972.93053 _bJ96a |
||
| 100 | 1 |
_aJusto Duarte, Amaury, _d1942- _98575 |
|
| 245 | 1 | 0 |
_aAuge y caída de los trujillistas (1955-1962) / _cAmaury Justo Duarte ; cuidado de edición Maribel Justo Suárez. |
| 260 |
_aSanto Domingo : _bBúho, _c2004. |
||
| 300 |
_a285 p. : _bil. ; _c23 cm. |
||
| 500 | _aIncluye índice onomástico | ||
| 500 | _aIncluye datos biográficos del autor en la solapa de la cubierta | ||
| 504 | _aIncluye referencias bibliográficas y notas al pie de las páginas | ||
| 504 | _aBibliografías : [p. 277-280] | ||
| 505 | 2 | _aPrefacio -- Introducción -- LA SOCIEDAD DOMINICANA A LA VISPERA DE LA COYUNTURA DE 1961 -- La estructura económica de la formación social -- La estructura de clases -- El régimen político -- De la Feria de la Paz a la represión de enero de 1960 -- De enero de 1960 al 30 de mayo de 1961 -- EL DERRUMBE DEL SISTEMA POLITICO -- Del 30 de mayo al 20 de noviembre de 1961 -- Del 20 de noviembre de 1961 al 1º de enero del 1962. | |
| 700 | 1 |
_aJusto Suárez, Maribel, _eed. _938773 |
|
| 049 | _aBNPD | ||
| 999 |
_c17384 _d17384 |
||